000 00303nam a22001337a 4500
008 170928b xxu||||| |||| 00| 0 eng d
020 _a9781269341462
041 _aeng
080 _a37
100 _a47
101 _aEDU
245 _aASSESSMENT OF PHONOLOGICAL AWARENESS
_cMOTT,M.S
942 _2udc
_cBK
999 _c30551
_d30551